B47_東京から見て東北東にある市区町村 - Statistics

General Stats
  • This quiz has been taken 9 times
  • The average score is 17 of 22
Answer Stats
東京
からの
方位角
東京
からの
距離
都道府県 種類 市区町村名 % Correct
67.0 14.1 東京都 特別区 葛飾区
100%
57.1 34.9 千葉県 我孫子市
100%
70.6 4.7 東京都 特別区 文京区
89%
73.3 7.2 東京都 特別区 台東区
89%
57.1 8.6 東京都 特別区 荒川区
89%
78.1 9.1 東京都 特別区 墨田区
89%
60.0 20.9 千葉県 松戸市
89%
69.7 82.0 茨城県 潮来市
89%
71.0 28.4 千葉県 鎌ケ谷市
78%
60.7 49.6 茨城県 龍ケ崎市
78%
72.3 75.4 千葉県 香取市
78%
75.7 89.6 茨城県 神栖市
78%
70.2 90.2 茨城県 鹿嶋市
78%
68.9 42.8 千葉県 印西市
67%
65.1 43.4 茨城県 利根町
67%
57.3 64.1 茨城県 美浦村
67%
64.9 78.2 茨城県 行方市
67%
71.2 33.7 千葉県 白井市
56%
71.4 51.5 千葉県 栄町
56%
66.4 53.3 茨城県 河内町
56%
60.1 62.4 茨城県 稲敷市
56%
69.8 67.5 千葉県 神崎町
56%
No matching quizzes found
Score Distribution
Percent of People with Each Score
Percentile by Number Answered
Your Score History
You have not taken this quiz